Діахронні виміри лінгвокультурного концепту любов (на матеріалі китайських народних пісень) (Запис № 571523)

МАРК-запис
000 -Лідер
fixed length control field 03495nam a22002417a 4500
003 - Ідентифікатор контрольного номера
control field UA-OsUOA
005 - Дата та час останнього входження (трансакції)
control field 20211006123256.0
008 - Елементи даних фіксованої довжини – загальна інформація
fixed length control field 211006b un ||||| |||| 00| 0 ukr d
040 ## - Джерело каталогізації
Агенція оригінальної каталогізації UA-OsUOA
Мова каталогізації ukr
Агенція, яка здійснювала перезапис UA-OsUOA
Агенція, яка здійснювала модифікацію UA-OsUOA
041 ## - Код мови
Код мови тексту/ звукової доріжки чи окремого заголовка (П) ukr
080 ## - Індекс Універсальної десяткової класифікації
Індекс Універсальної десяткової класифікації (УДК) (НП) 81'1'23'42:811.581:[398.8(=581):177.61](043.3)
090 ## - Локальний шифр розміщення
Класифікаційний індекс УДК 81'1'23'42:811.581:[398.8(=581):177.61](043.3)
095 ## - Код спеціальності для авторефератів
Код спеціальності 10.02.13
Назва спеціальності мови народів Азії. Африки. аборигенних народів Америки та Австралії
100 ## - Основне введення – ім’я особи
Ім’я особи (НП) Ракітіна М. І.
245 ## - Відомості про назву
Назва (НП) Діахронні виміри лінгвокультурного концепту любов (на матеріалі китайських народних пісень)
Дані про відповідальність (НП) Ракітіна Марія Ігорівна ; наук. керівник Наумовська Олеся Владиславівна
260 ## - Публікація, розповсюдження і т.п. (Вихідні дані)
Місце публікації, розповсюдження і т.п. (П) Київ
Дата публікації, розповсюдження і т.п. (П) 2021
300 ## - Фізичний опис
Обсяг 19 с.
502 ## - Примітка про дисертацію
Зв'язок Автореферат дисертації на здобуття наукового ступеня кандидата філологічних наук<br/>
Наймення інституції, що представляється Київський національний університет імені Тараса Шевченка
Рік отримання вченого ступеня 2021
520 ## - Резюме і т.п.
Резюме, реферат, анотація, тощо (НП) Дисертацію присвячено дослідженню лінгвокультурного концепту ЛЮБОВ на матеріалі китайських народних пісень, а також теоретичних засад лінгвокультурології та когнітивної лінгвістики. Виділені такі засадничі складники, як мовна картина світу та концепт, вивчення яких дозволяє декодувати культурну та історичну інформацію, що міститься у мовних структурах. Досліджено пісенну традицію Китаю, зокрема народні пісні на різних етапах їхнього існування. Дослідницьку увагу зосереджено на важливій когнітивній функції китайських народних пісень, а також на їхній естетичній та комунікативній функціях (розважального інструменту та “соціального дзеркала” у суспільстві епохи Чжао, Хань та Південних і Північних династій). Виділено основні етапи становлення і побутування китайських народних пісень, а також окреслено притаманні їм характер та тематика. Одним з основних морально-етичних концептів, що мали вплив на формування поведінкових реалій китайського етносу визначено лінгвокультурний концепт ЛЮБОВ. Окреслено склад цього концепту та його місце в концептосфері етноментальності китайців, проаналізовано його лексичний та образно-символічний складники.
650 ## - Додаткове предметне введення – тематичний термін
Джерело заголовка чи терміна UDC
Тематичний термін чи географічна назва, як елемент введення (НП) 81 Лінгвістика. Мовознавство. Мови
942 ## - Додаткові елементи входу (Коха)
Source of classification or shelving scheme Universal Decimal Classification
Тип елемента Koha Автореферат
955 ## - Код типу видання за змістом
Код типу видання за змістом (НП) Наукові видання

Немає доступних примірників.